MDQL
is popping MORE tags! Check the
thread
!
Quizzes
Events
Quiz Creation
Community
Videos
Private Events
Remove Ads
Sign In
Join for FREE
Feedback
Dark Mode
Quiz Categories
Sports
Geography
Music
Movies
Television
Just For Fun
Miscellaneous
History
Literature
Language
Science
Gaming
Entertainment
Religion
Holiday
For Kids
Quiz Lab
Recent
Popular Today
Quiz Kudos Today
Editor Picks
Curator Picks
Quizzes by...
Day
Popularity
Type
Ratings
Length
Year
Community
Subscriptions
Recent Discussions
Orange Saloon
Badges
Playlists
Quests
Create
Leaderboards
Showdown
Live 5
Trivia Bingo
Activity
Puzzle Library
Sporcle Events
Private Events
Virtual Trivia
Globe League
Become a Host
Pub Owners
SporcleCon
Opinionation
Our Games
Videos
Blog
Mobile Apps
Partnerships
Remove Ads and Go Orange
Feedback
Music
Pop Music
The Beatles
Song
Album
Lyrics
Bands
Singers
Artist
Clip
Rock
Rap
Classical
Billboard
Country Music
Kpop
Taylor Swift
Music
Pop Music
The Beatles
Song
Album
Lyrics
Bands
Singers
Artist
Clip
Rock
Rap
Classical
Billboard
Country Music
Kpop
Taylor Swift
Random Quiz
Search Sporcle
×
Quiz Lab
Quiz Lab
Music
Artist
Type in answers that appear in a list
Type in answers that appear in a list
Classic
Best Score? Go Orange.
MTV Top 100 Videos of 1987 Stats
Can you name the The Top 100 Videos of 1987 according to MTV?
By
tim0930
15m
100 Questions
251 Plays
251 Plays
251 Plays
Comments
Comments
Give Quiz Kudos
Give Quiz Kudos
-
- Ratings
hide this ad
Replay
Link that replays current quiz
Next Quiz
Link to next quiz in quiz playlist
You Got
0%
They Got
Avg Score
49%
Avg Friend Score
Upgrade to see
Score Distribution
Jump to the score distribution portion of the page
Score
0/100
Timer
15:00
0
Plays Today
Artist
Video
% Correct
U2
With Or Without You
92%
Whitesnake
Here I Go Again
89.6%
Bon Jovi
Livin' On A Prayer
89.2%
Los Lobos
La Bamba
87.6%
Genesis
Land Of Confusion
83.3%
Crowded House
Don't Dream It's Over
82.9%
Heart
Alone
82.1%
Michael Jackson
Bad
80.5%
Suzanne Vega
Luka
78.5%
U2
I Still Haven't Found What I'm Looking For
78.1%
Europe
The Final Countdown
78.1%
Whitney Houston
I Wanna Dance With Somebody
76.9%
Belinda Carlisle
Heaven Is A Place On Earth
76.9%
Cutting Crew
(I Just) Died In Your Arms
76.5%
Starship
Nothing's Gonna Stop Us Now
74.1%
Whitesnake
Is This Love
74.1%
U2
Where The Streets Have No Name
73.3%
Billy Idol
Mony, Mony
72.5%
Bon Jovi
Wanted Dead Or Alive
71.3%
Paul Simon
You Can Call Me Al
70.1%
Europe
Carrie
70.1%
Madonna
Open Your Heart
68.9%
Fleetwood Mac
Little Lies
68.5%
T'Pau
Heart And Soul
68.5%
Peter Gabriel
Big Time
64.1%
Georgia Satellites
Keep Your Hands To Yourself
63.7%
George Michael
I Want Your Sex
61.8%
Madonna
Who's That Girl
61.4%
Grateful Dead
Touch Of Grey
61%
Aerosmith
Dude (Looks Like A Lady)
61%
Beastie Boys
(You Gotta) Fight For Your Right (To Party)
60.6%
Madonna
La Isla Bonita
59.8%
Kim Wilde
You Keep Me Hanging On
59.4%
REM
The One I Love
59%
Artist
Video
% Correct
Poison
Talk Dirty To Me
59%
INXS
Need You Tonight
58.2%
Bob Seger
Shakedown
56.6%
Genesis
Tonight, Tonight, Tonight
56.2%
George Harrison
Got My Mind Set On You
55.8%
Motley Crue
Girls, Girls, Girls
54.2%
Pink Floyd
Learning To Fly
52.6%
Bruce Hornsby And The Range
Mandolin Rain
51.8%
Robbie Nevil
C'est La Vie
51%
Crowded House
Something So Strong
50.2%
Loverboy
Notorious
49%
Huey Lewis & The News
Jacob's Ladder
49%
Fat Boys feat. The Beach Boys
Wipeout
49%
Duran Duran
Notorious
49%
Steve Winwood
Valerie
49%
Whitesnake
Still Of The Night
47.8%
Bangles
Hazy Shade Of Winter
46.6%
Whitney Houston
So Emotional
46.2%
Richard Marx
Don't Mean Nothing
45%
Bananarama
I Heard A Rumour
44.6%
Lou Gramm
Midnight Blue
44.6%
Prince
U Got The Look
43.8%
Def Leppard
Animal
41.4%
Bruce Springsteen
Brilliant Disguise
41%
Janet Jackson
The Pleasure Principle
40.6%
Genesis
In Too Deep
39.4%
Run DMC
It's Tricky
39.4%
John Cougar Mellencamp
Paper In Fire
38.6%
Fleetwood Mac
Big Love
38.6%
Glass Tiger
Someday
38.6%
Steve Winwood
The Finer Things
38.2%
Richard Marx
Should've Known Better
38.2%
Sting
We'll Be Together
38.2%
Cinderella
Nobody's Fool
37.8%
Artist
Video
% Correct
Breakfast Club
Right On Track
36.7%
Bryan Adams
Heat Of The Night
35.9%
Steve Winwood
Back In The High Life Again
35.9%
Heart
Who Will You Run To
35.5%
Cyndi Lauper
Change Of Heart
35.5%
Cutting Crew
I've Been In Love Before
35.1%
Squeeze
Hourglass
34.7%
Bangles
Walking Down Your Street
34.3%
Tom Petty And The Heartbreakers
Jammin' Me
33.5%
Psychedelic Furs
Heartbreak Beat
31.9%
Kenny Loggins
Meet Me Halfway
29.9%
Europe
Rock The Night
29.5%
David Bowie
Day-In Day-Out
28.7%
Ratt
Dance
28.7%
Yes
Love Will Find A Way
28.3%
Huey Lewis And The News
Doing It All For My Baby
28.3%
Robbie Nevil
Wot's It To Ya
27.5%
Van Halen
Best Of Both Worlds
26.7%
Billy Idol
To Be A Lover
26.7%
Eric Clapton
It's In The Way That You Use It
25.9%
Starship
It's Not Over ('Til It's Over)
25.9%
Sammy Hagar
Give To Live
25.9%
Poison
I Won't Forget You
25.1%
Sammy Hagar
Winner Takes It All
24.7%
Reo Speedwagon
In My Dreams
24.3%
The Cars
You Are The Girl
24.3%
Bruce Hornsby And The Range
Every Little Kiss
23.1%
The Outfield
Since You've Been Gone
21.9%
Cinderella
Somebody Save Me
21.5%
Bryan Adams
Hearts On Fire
20.3%
Eddie Money
Endless Nights
19.9%
Bryan Adams
Victim Of Love
18.7%
Quiz Playlist
Details
Report
Send in Message
Add To Playlist
Classic:
Type in answers that appear in a list
Last Updated: Feb 16, 2017
Quiz Scoreboard
CHALLENGE
Sign Up to Join the Scoreboard
Show All
Scores
Hide
Comments
May contain spoilers
Recently Published
Colored Red Africa Blitz
by spor1
Geography
30s
Find the 'City' Movie
by crazypaving
Movies
60s
5x2 Blitz: Bands
by SL_Kpop136
Music
30s
More to Explore
Quiz From the Vault
Featured Blog Post
14 Easter Pick-up Lines to Find Eggs With
hide this ad
You Might Also Like...
Tags
Artist Quiz
100
1987
MTV
Top 100
Video
Today's Top Quizzes in Music
Browse Music
hide this ad
Today's Top Quizzes in Artist
Browse Artist
Top Contributed Quizzes in Music
1
5X2 Blitz: Bands II
2
5X2 Blitz: The Beatles
3
Taylor Swift All Songs (2024)
4
5X2 Blitz: Billboard
5
Taylor Swift Logic Puzzle II
6
5X2 Blitz: Billboard II
7
Taylor Swift Logic Puzzle
8
5X2 Blitz: Rock
9
5X2 Blitz: Singers
10
5X2 Blitz: Album
Explore More
Trending Topics
NBA
Anime
Kpop
Marvel
Disney
Harry Potter
Crossword
The Office
WWE
Pokémon
Puzzle
Country
NFL
Soccer
Song
hide this ad
More By:
tim0930
Quiz
Plays
Rating
Category
Featured
Created
Billboard Hot 100 Year End 2003
493
4.50
Music
Jun 3, 2012
Billboard Hot 100 of 1998
312
2.25
Music
Sep 8, 2013
MTV Top 100 Videos of 1990
310
4.67
Music
Aug 27, 2013
MTV Top 100 Videos of 1995
308
5.00
Music
Jun 3, 2012
MTV Top 100 Videos of 1985
265
4.75
Music
Jun 11, 2012
Go to Creator's Profile
Score Distribution
Quiz Creator Spotlight
tim0930
Follow
Send a Message
Quizzes Created
-
Created Quiz Play Count
-
More By This Creator
Popular Quizzes Today
1
Colored Red Africa Blitz
2
Find the 'City' Movie
3
5x2 Blitz: Bands
4
Find the US States - No Outlines Minefield
5
The Countries of the World
6
Find the US States
7
US States
8
Find the Countries of Europe - No Outlines Minefield
More Music Quizzes
Artists Who Hit #1 (2010s)
Published
Trending Quizzes
Colored Red Europe Blitz I
Colored Red Europe Blitz II
Colored Red Africa Blitz II
Colored Red Europe Blitz III
Colored Red Africa Blitz III
Recently Updated
How Do You Spell That?
pecheneg
Godzilla Movies
pecheneg
Grab Bag: 4-10 Letters
pecheneg
2024 March Madness Bracket
pecheneg
Famous TV Couples
Peacemaker
Champions League XIs: Real Madrid
pecheneg
Largest US Cities 1790-2010
pecheneg
Rides in Walt Disney World
pecheneg
Most Oscar Losses (Acting)
pecheneg
Beyoncé Albums
pecheneg
Trending Topics
Harry Potter
Marvel
Disney
Kpop
Crossword
Anime
NBA
The Office
Puzzle
WWE
Country
NFL
Pokémon
Soccer
Song
Your Account Isn't Verified!
In order to create a playlist on Sporcle, you need to verify the email address you used during registration. Go to your
Sporcle Settings
to finish the process.
Report this User
Report this user for behavior that violates our
Community Guidelines
.
Details:
Send Report
Go to the Sporcle.com Mobile Site →
Comments